000 00478nmm a2200169Ia 4500
008 251105s9999||||xx |||||||||||||||||und||
020 _a9789587712926
041 _aspa
100 _aCórdoba, Marcial
245 0 _aMercado de valores
264 _a[Bogotá, Colombia] :
_bEcoe Ediciones,
_c2015
300 _a454 páginas
490 _aCiencias empresariales
650 _aEconomics and Business
856 _uhttps://public.digitaliapublishing.com/a/47098
942 _cCF
999 _c96185
_d96185